00494cam a2200157Ia 4500020001500000040000800015082002600023100001900049245013100068250001000199260005900209300002000268650001500288650001200303650002100315 a2904105042 cFPU a503 GOU 1994 A034 Or.1 aGoursau, Henri10aDictionnaire technique et scientifique :banglais-fran©ʹais = Dictionary of technical and scientific terms : English-French. a1. ed aSaint-Orens-de-Gameville, France :bH. Goursau,cc1994 a924 p. ;c18 cm 0aTechnology 0aScience 0aEnglish language